• 首页
  • 本馆介绍
  • 公告通知
  • 最新文献
  • 馆藏检索
  • 电子资源
  • 读者导购
  • 参考咨询
  • 我的图书馆
  • 登录
  • 期刊详细显示
  • 现刊情况显示
  • 合订本情况显示
  • 篇目信息显示

期刊信息

  • 表格格式
  • 工作单格式
  • 卡片格式
索取号 
D75/OZHYJ
题名 
欧洲研究
作者 
欧洲研究编辑部
分册号 
分册名 
出版地 
北京
出版者 
欧洲研究编辑部
标准刊号 
1004-9789
出版频率 
双月刊
中图法分类 
D75
主题词 
政治
电子资源 
000 00570nas0 2200205 45
001 0552754062
005 2005112914391406
011    @a1004-9789@dCNY30.00(2016)
091    @aCN11-4899/C
092    @b82-165
100    @a20051129d km y0chiy0120 ea
101 0  @achi
200 1  @a欧洲研究@AOu Zhou Yan Jiu@f欧洲研究编辑部@FOu Zhou Yan Jiu Bian Ji Bu
210    @a北京@c欧洲研究编辑部
326    @a双月刊
606 0  @a政治
690    @aD75@v4
711  0 @a欧洲研究编辑部@AOu Zhou Yan Jiu Bian Ji Bu
801  0 @aCN@bPFT@c20051129
905    @aTSSFXY@dD75@eOZHYJ@y2016~
    
    欧洲研究/欧洲研究编辑部.-北京:欧洲研究编辑部
    
    
    
    ISSN 1004-9789:CNY30.00(2016)
    
●
相关链接: 在易读查询期刊 在中国知网中查询期刊 在万方数据查询期刊 在维普查询期刊
唐山师范学院图书馆 欢迎您!
大连网信软件有限公司© 版权所有